Last 5 UFC Champions By Weightclasses - Statistics

General Stats
  • This quiz has been taken 386 times
    60 since last reset
  • The average score is 30 of 33
Answer Stats
Country % Correct
Alexander Volkanovski
98%
Max Holloway
98%
Alexandre Pantoja
96%
Conor McGregor
96%
Ilia Topuria
96%
Joshua Van
96%
Sean O'Malley
96%
Alex Pereira
94%
Islam Makhachev
94%
Israel Adesanya
94%
Jon Jones
94%
Khabib Nurmagomedov
94%
Khamzat Chimaev
94%
Merab Dvalishvili
94%
Petr Yan
94%
Sean Strickland
94%
Tom Aspinall
94%
Charles Oliveira
92%
Daniel Cormier
90%
Dricus Du Plessis
90%
Jose Aldo
90%
Jack Della Maddalena
88%
Kamaru Usman
88%
Leon Edwards
88%
Belal Muhammad
86%
Carlos Ulberg
86%
Magomed Ankalaev
84%
Aljamain Sterling
82%
Francis Ngannou
82%
Stipe Miocic
82%
Brandon Moreno
80%
Jamahal Hill
78%
Deiveson Figueiredo
67%
No matching quizzes found
Score Distribution
Percent of People with Each Score
Percentile by Number Answered
Your Score History
You have not taken this quiz since the last reset